[Event "AUTO-INT-3016"]
[Site "http://www.queenalice.com/game.php?id=1367741"]
[Date "2015.6.26"]
[Round "1"]
[White "Nelsonbento"]
[Black "HashiramaSennin"]
[Result "0-1"]
[WhiteElo "1517"]
[BlackElo "2066"]

1. e4 c5 2. Bc4 e6 3. c3 Nc6 4. d4 cxd4 5. cxd4 Nf6 6. f3 Be7 7. Nc3 O-O 8. Nh3
h6 9. g4 a6 10. g5 hxg5 11. Bxg5 Nh7 12. Bf4 Bh4+ 13. Ke2 Qb6 14. b3 Nxd4+ 15.
Kf1 Nc6 16. Rg1 g6 17. Bh6 Re8 18. Rg4 Bf6 19. Qd2 d5 20. exd5 exd5 21. Nxd5 Qd8
22. Re1 Rxe1+ 23. Qxe1 Bxg4 24. fxg4 b5 25. Nxf6+ Qxf6+ 26. Qf2 Qxf2+ 27. Kxf2
bxc4 28. bxc4 Ne5 29. Kg3 Nxc4 30. Nf4 Rd8 31. h4 Rd2 32. a4 Nf6 33. g5 Nh5+ 34.
Kg4 Nxf4 35. Kxf4 Ra2 36. Ke4 Rxa4 37. Kd3 Nd6 38. Kc3 Rxh4 39. Kb3 Nf5 40. Kc3
Nxh6 41. gxh6 Kh7 42. Kd3 Kxh6 43. Ke3 Kg5 44. Kf3 Kf5 45. Kg3 Rf4 46. Kh3 Rf3+
47. Kh4 Rf4+ 48. Kg3 Kg5 49. Kh3 Rf3+ 50. Kh2 Kf4 51. Kg2 Kg4 52. Kg1 Kg3 53.
Kh1 Rf1# 0-1

[Event "AUTO-ADV-3453"]
[Site "http://www.queenalice.com/game.php?id=1371196"]
[Date "2015.7.12"]
[Round "1"]
[White "HashiramaSennin"]
[Black "dadaspazzi"]
[Result "1-0"]
[WhiteElo "2100"]
[BlackElo "1954"]

1. Nf3 f5 2. g3 Nf6 3. Bg2 g6 4. O-O Bg7 5. d3 d5 6. Nbd2 O-O 7. c4 d4 8. e3 Nc6
9. exd4 Nxd4 10. Nxd4 Qxd4 11. Nf3 Qd8 12. Qc2 Qe8 13. Re1 1-0

[Event "AUTO-ADV-3453"]
[Site "http://www.queenalice.com/game.php?id=1371197"]
[Date "2015.7.12"]
[Round "1"]
[White "dadaspazzi"]
[Black "HashiramaSennin"]
[Result "0-1"]
[WhiteElo "1935"]
[BlackElo "2127"]

1. d4 Nf6 2. c4 g6 3. Nc3 Bg7 4. e4 d6 5. Bd3 O-O 6. Nge2 Nc6 7. f4 e5 8. fxe5
dxe5 9. d5 Ne7 10. Be3 b6 11. h3 Ne8 12. g4 Nd6 13. Ng3 f5 14. gxf5 gxf5 15.
exf5 Nexf5 16. Nxf5 Bxf5 17. h4 Bxd3 18. Qxd3 Qf6 19. Ne4 Qf3 0-1

[Event "AUTO-ADV-3453"]
[Site "http://www.queenalice.com/game.php?id=1371198"]
[Date "2015.7.12"]
[Round "1"]
[White "HashiramaSennin"]
[Black "BlackKnight72"]
[Result "0-1"]
[WhiteElo "2144"]
[BlackElo "1642"]

1. d4 Nf6 2. c4 g6 3. Nc3 Bg7 4. e4 d6 5. f3 O-O 6. Be3 Nc6 7. Qd2 a6 8. Bd3 b6
9. a3 Bb7 10. Nge2 e5 11. d5 Ne7 12. O-O-O Nd7 13. g4 Re8 14. h4 f6 15. f4 Nc5
16. h5 Nb3+ 17. Kb1 Nxd2+ 18. Rxd2 Qd7 19. f5 g5 20. Ng3 a5 0-1

[Event "AUTO-ADV-3453"]
[Site "http://www.queenalice.com/game.php?id=1371199"]
[Date "2015.7.12"]
[Round "1"]
[White "BlackKnight72"]
[Black "HashiramaSennin"]
[Result "0-1"]
[WhiteElo "1519"]
[BlackElo "2151"]

1. e4 c6 2. Nf3 d5 3. d3 Bg4 4. Be2 e6 5. O-O Be7 6. Nc3 d4 7. Nb1 c5 8. Bf4 Nc6
9. e5 f6 10. h3 Bh5 11. g4 Bf7 12. Bg3 fxe5 13. Nxe5 Nxe5 14. Bxe5 Nf6 15. f4
O-O 16. g5 Nd5 17. Bf3 Ne3 18. Qe2 Nxf1 19. Qxf1 Bd6 20. Nd2 Rb8 21. Nc4 Bxe5
22. Nxe5 Qc7 23. Bg4 Rbe8 24. Re1 b6 25. h4 Re7 26. f5 exf5 27. Bxf5 Rxe5 28.
Be4 Bg6 29. Qg2 Bxe4 30. dxe4 Qe7 0-1

[Event "AUTO-ADV-3453"]
[Site "http://www.queenalice.com/game.php?id=1371200"]
[Date "2015.7.12"]
[Round "1"]
[White "HashiramaSennin"]
[Black "TITAN10"]
[Result "1/2-1/2"]
[WhiteElo "2160"]
[BlackElo "1807"]

1. d4 Nf6 2. c4 e6 3. Nf3 c5 4. d5 d6 5. Nc3 a6 6. e4 e5 7. Bd3 Bg4 8. O-O Be7
9. Be3 Qc7 10. h3 Bh5 11. Re1 Nbd7 12. Rc1 h6 13. Be2 Bg6 14. Bd3 O-O 15. Nh4
Bh7 16. Nf5 Bxf5 17. exf5 Rab8 18. Ne4 Nxe4 19. Bxe4 f6 20. f4 b5 21. b3 b4 22.
fxe5 fxe5 23. g4 Nf6 24. Bg2 Nh7 25. Qf3 Rbe8 26. Bd2 a5 27. Qd3 Bf6 28. Be4 Ng5
29. Bxg5 hxg5 30. Rc2 Ra8 31. Ra1 Ra7 32. Qe2 Kf7 33. Rcc1 Rh8 34. Kg2 Rh4 35.
Rh1 a4 36. Qc2 a3 37. Rh2 Ra8 38. Rah1 Rah8 1/2-1/2

[Event "AUTO-ADV-3453"]
[Site "http://www.queenalice.com/game.php?id=1371201"]
[Date "2015.7.12"]
[Round "1"]
[White "TITAN10"]
[Black "HashiramaSennin"]
[Result "0-1"]
[WhiteElo "1812"]
[BlackElo "2144"]

1. e4 c5 2. Nf3 d6 3. d4 cxd4 4. Nxd4 Nf6 5. Nc3 g6 6. Bg5 Bg7 7. Bb5+ Bd7 8.
Bxd7+ Nbxd7 9. O-O O-O 10. Kh1 Nc5 11. Re1 Qb6 12. Nb3 Nxb3 13. axb3 Qxf2 14.
Re2 Qb6 15. Be3 Qd8 16. Qd2 Re8 17. h3 a6 18. Rd1 Rc8 19. Rf2 Qc7 20. Rdf1 b5
21. Bd4 b4 22. Nd1 Nxe4 23. Qd3 Nxf2+ 24. Rxf2 Bxd4 25. Qxd4 Qc5 26. Qd2 f5 27.
c3 a5 28. c4 e5 29. Ne3 e4 30. Re2 Rcd8 31. Nd5 Re6 32. Kh2 Rf8 33. Nf4 Re5 34.
Nd5 f4 35. Qc2 e3 36. Qd3 Rff5 37. Kg1 g5 38. Kh2 Kg7 39. Kg1 h5 40. Kh2 g4 41.
h4 g3+ 42. Kh1 Rxd5 43. cxd5 Qxd5 44. Qc2 Qc5 45. Qd1 Rd5 0-1

[Event "AUTO-OPEN-3514"]
[Site "http://www.queenalice.com/game.php?id=1372387"]
[Date "2015.7.20"]
[Round "1"]
[White "Michelangelo"]
[Black "HashiramaSennin"]
[Result "0-1"]
[WhiteElo "1977"]
[BlackElo "2138"]

1. e4 c5 2. Nf3 d6 3. Bb5+ Bd7 4. Bxd7+ Nxd7 5. d4 cxd4 6. Nxd4 Ngf6 7. Nc3 a6
8. O-O g6 9. Kh1 Bg7 10. f4 O-O 11. Nf3 Nc5 12. e5 dxe5 0-1

[Event "AUTO-OPEN-3514"]
[Site "http://www.queenalice.com/game.php?id=1372388"]
[Date "2015.7.20"]
[Round "1"]
[White "HashiramaSennin"]
[Black "Michelangelo"]
[Result "1-0"]
[WhiteElo "2149"]
[BlackElo "1977"]

1. d4 Nf6 2. c4 g6 3. Nc3 d5 4. cxd5 Nxd5 5. e4 Nxc3 6. bxc3 Bg7 7. Nf3 O-O 8.
Bc4 c5 9. Bb2 Nc6 10. O-O Na5 11. Be2 1-0

[Event "AUTO-OPEN-3514"]
[Site "http://www.queenalice.com/game.php?id=1372403"]
[Date "2015.7.20"]
[Round "1"]
[White "siarango"]
[Black "HashiramaSennin"]
[Result "0-1"]
[WhiteElo "1648"]
[BlackElo "2148"]

1. d4 d5 2. c4 c6 3. Nc3 Nf6 4. c5 Bf5 5. Bg5 e6 6. Bxf6 Qxf6 7. e3 Be7 8. Nf3
O-O 9. Bd3 Bxd3 10. Qxd3 Nd7 11. O-O e5 12. Nxe5 Nxe5 13. dxe5 Qxe5 14. f4 Qe6
15. f5 Qh6 16. b4 b6 17. cxb6 axb6 18. a3 Rfe8 19. e4 dxe4 20. Nxe4 Rad8 21. Qh3
Bh4 22. Qf3 Rd4 23. Nf2 Rd5 24. Rad1 Red8 25. Rxd5 Rxd5 26. Ng4 Qd6 27. h3 Rd3
28. Qf4 Qxf4 29. Rxf4 Bg3 30. Rf3 Rxf3 0-1

[Event "AUTO-OPEN-3514"]
[Site "http://www.queenalice.com/game.php?id=1372404"]
[Date "2015.7.20"]
[Round "1"]
[White "HashiramaSennin"]
[Black "siarango"]
[Result "1-0"]
[WhiteElo "2146"]
[BlackElo "1705"]

1. Nf3 Nc6 2. g3 d5 3. Bg2 e5 4. d3 Bb4+ 5. c3 Ba5 6. O-O h6 7. Be3 Be6 8. b4
Bb6 9. Bxb6 axb6 10. b5 e4 11. Nfd2 Na7 12. a4 c6 13. c4 Nf6 14. cxd5 Bxd5 15.
dxe4 Be6 16. Nc3 c5 17. Qc2 O-O 18. e3 Rb8 19. Rad1 Qe7 20. Nd5 Nxd5 21. exd5
Bg4 22. Nf3 Nc8 23. e4 Nd6 24. Rde1 Bxf3 25. Bxf3 Qe5 26. Re3 Rbc8 27. Rfe1 Rc7
28. Rc3 f5 29. Rce3 1-0

[Event "AUTO-INT-3016"]
[Site "http://www.queenalice.com/game.php?id=1385913"]
[Date "2015.9.28"]
[Round "2"]
[White "Wildhagen"]
[Black "HashiramaSennin"]
[Result "1-0"]
[WhiteElo "1685"]
[BlackElo "2084"]

1. e4 c5 2. Bc4 e6 3. d3 Nc6 4. Nf3 d6 5. O-O Nf6 6. Bg5 Be7 7. Bxf6 Bxf6 8. h3
Bxb2 9. Nbd2 Bxa1 10. Qxa1 O-O 11. a4 d5 12. Bb5 Bd7 13. exd5 1-0

[Event "AUTO-INT-3016"]
[Site "http://www.queenalice.com/game.php?id=1385914"]
[Date "2015.9.28"]
[Round "2"]
[White "HashiramaSennin"]
[Black "Wildhagen"]
[Result "0-1"]
[WhiteElo "2054"]
[BlackElo "1733"]

1. Nf3 d6 2. g3 e5 3. d3 Nf6 4. Bg2 Nc6 5. e4 Bg4 6. c3 h6 7. O-O d5 8. exd5
Qxd5 9. Re1 O-O-O 10. h3 Bxf3 11. Bxf3 Qe6 12. h4 Qh3 13. Bg2 Qe6 14. Bh3 Qxh3
15. Nd2 Ng4 0-1

[Event "AUTO-ADV-3453"]
[Site "http://www.queenalice.com/game.php?id=1388381"]
[Date "2015.10.9"]
[Round "2"]
[White "HashiramaSennin"]
[Black "Black_bishop"]
[Result "0-1"]
[WhiteElo "2105"]
[BlackElo "1936"]

1. d4 d5 2. c4 e6 3. Nc3 Bb4 4. Bd2 Bxc3 5. Bxc3 Nf6 6. e3 O-O 7. Nf3 Nc6 8. c5
a6 9. Bd3 h6 10. O-O Bd7 11. h3 Na7 12. a4 Nc6 13. b4 Ne4 14. Bxe4 dxe4 15. Nd2
Ne7 16. Nxe4 Bc6 17. Nd2 Nd5 18. Rc1 Nxc3 0-1

[Event "AUTO-ADV-3453"]
[Site "http://www.queenalice.com/game.php?id=1388382"]
[Date "2015.10.9"]
[Round "2"]
[White "Black_bishop"]
[Black "HashiramaSennin"]
[Result "1-0"]
[WhiteElo "1912"]
[BlackElo "2123"]

1. b3 Nf6 2. Bb2 d6 3. Bxf6 exf6 4. e4 Be7 5. Nf3 O-O 6. h3 Be6 7. c4 Nc6 8. d4
Bd7 9. d5 Ne5 10. Nxe5 fxe5 11. Nd2 f5 12. Bd3 f4 13. Nf3 Kh8 14. O-O Rf6 15.
Nh4 Qc8 16. Nf5 Bxf5 17. exf5 Qf8 18. a4 1-0

[Event "AUTO-ADV-3453"]
[Site "http://www.queenalice.com/game.php?id=1388383"]
[Date "2015.10.9"]
[Round "2"]
[White "HashiramaSennin"]
[Black "Rafale2000"]
[Result "0-1"]
[WhiteElo "2137"]
[BlackElo "2078"]

1. Nf3 Nf6 2. g3 c6 3. Bg2 d6 4. O-O Bg4 5. d3 e5 6. e4 Be7 7. Be3 O-O 8. Nbd2
d5 9. exd5 Qxd5 10. Qc1 Bxf3 11. Bxf3 Qd7 12. Nc4 Na6 13. Nxe5 Qf5 14. Bf4 Nd5
0-1

[Event "AUTO-ADV-3453"]
[Site "http://www.queenalice.com/game.php?id=1388384"]
[Date "2015.10.9"]
[Round "2"]
[White "Rafale2000"]
[Black "HashiramaSennin"]
[Result "1-0"]
[WhiteElo "2058"]
[BlackElo "2152"]

1. e4 c6 2. Nf3 d5 3. exd5 cxd5 4. Bb5+ Bd7 5. Qe2 Nc6 6. d3 Nf6 7. O-O e6 8.
Nc3 Bd6 9. Bg5 O-O 10. a3 h6 11. Bd2 a6 12. Bxc6 Bxc6 13. Ne5 Rc8 14. Nxc6 Rxc6
15. Rac1 1-0